Normal view
MARC view
- Vern Terpstra & Ravi Sarathy
Entry Personal Name
001 - CONTROL NUMBER
- control field: 2717
003 - CONTROL NUMBER IDENTIFIER
- control field: OSt
005 - DATE AND TIME OF LATEST TRANSACTION
- control field: 20191223165257.0
008 - FIXED-LENGTH DATA ELEMENTS
- fixed length control field: 191223|| aca||aabn | a|a d
040 ## - CATALOGING SOURCE
- Original cataloging agency: OSt
- Transcribing agency: OSt
100 ## - HEADING--PERSONAL NAME
- Personal name: Vern Terpstra & Ravi Sarathy
670 ## - SOURCE DATA FOUND
- Source citation: Work cat.: (OSt)1883: Terpstra, Vern & Ravi Sarathy 2715, International Marketing, 1994
